Obálka Náhled e-knihy:
PDF Epub
Pro půjčování e-knih musíte být přihlášeni.
Jak si půjčit online?

Enola Holmesová – Prípad záhadnej zásielky /

Zatiaľ čo Enola pátra po zmiznutej lady Blanchefleur, jej brat Sherlock Holmes pátra po nej. A tentoraz ju vážne potrebuje nájsť. Do rúk sa mu totiž dostal podivuhodný balíček s odkazom od ich dávno stratenej matky, ktorý môže otvoriť iba Enola. Súrodenci Holmesovci budú musieť kvôli pátraniu spojiť...

Celý popis

Uloženo v:
Série:Enola Holmesová (SK), část 6
Hlavní autor: Springerová, Nancy (Autor)
Médium: E-kniha
Jazyk:Czech
Vydáno: Praha : Albatros Media Slovakia s.r.o., 2026
Příbuzné jednotky:Z cyklu:: Enola Holmesová (SK)
Tagy:
Žádné tagy
LEADER 01546nam a22002417i 4500
001 302744
007 ta
008 260514s2026 xr ||||| |||| 00| 0 cze d
020 |a 9788056651469 
044 |a xr 
100 1 |a  Springerová, Nancy  |4 aut 
245 1 0 |a Enola Holmesová – Prípad záhadnej zásielky /  |c  Springerová, Nancy 
240 1 0 |a An Enola Holmes Mystery: The Case of the Gypsy Goodbye 
264 1 |a Praha :  |b Albatros Media Slovakia s.r.o.,  |c 2026 
300 |a 1 online zdroj (160 stran) 
336 |a text  |b txt  |2 rdacontent 
337 |a bez média  |b n  |2 rdamedia 
338 |a online zdroj  |b cr  |2 rdacarrier 
520 2 |a Zatiaľ čo Enola pátra po zmiznutej lady Blanchefleur, jej brat Sherlock Holmes pátra po nej. A tentoraz ju vážne potrebuje nájsť. Do rúk sa mu totiž dostal podivuhodný balíček s odkazom od ich dávno stratenej matky, ktorý môže otvoriť iba Enola. Súrodenci Holmesovci budú musieť kvôli pátraniu spojiť sily a vydať sa do zapáchajúcich tunelov a chodieb londýnskeho podsvetia. 
787 0 8 |g 6  |i Z cyklu:  |t Enola Holmesová (SK) 
910 |a RBIT002 
998 |d 427002  |a https://core.palmknihy.cz/api/books/427002/cover?tesgik  |b https://core.palmknihy.cz/api/books/427002/cover/400?tesgik  |c https://core.palmknihy.cz/api/books/427002/cover/50?tesgik  |e 2030-03-03  |g 160  |i 9788056651469  |j https://core.palmknihy.cz/api/books/427002/preview.epub  |k https://core.palmknihy.cz/api/books/427002/preview.pdf  |l   |q 49  |r 1  |s https://www.palmknihy.cz/kniha/427002  |t ebook  |y 2026  |z 1  |v Enola Holmesová (SK)  |w 6 
999 |d 302742